000 00615nam a2200181 i 4500
001 81126
003 ES-MaACL
005 20230906174356.0
007 t|
008 041103s1940 sp ||||1| spa d
100 1 _aHoyos Sáinz, Luis de,
_d1868-1951
_964437
245 1 3 _aLa cueva de Suano, Santander
_b: estudio general y antropológico /
_cpor Luis de Hoyos Sáinz ; con la colaboración de Juan Uria y Ruiz.
260 _aOviedo :
_b[s.n.,
_c1940] (
_f"La Cruz")
300 _a34 p. ;
_c25 cm.
700 1 _aUría Ríu, Juan.
_9112144
852 _aES-MaACL
_j1833-F-30
_bR.19961
999 _c81126
_d81126